<?xml version="1.0" encoding="UTF-8"?>
<record
    xmlns:xsi="http://www.w3.org/2001/XMLSchema-instance"
    xsi:schemaLocation="http://www.loc.gov/MARC21/slim http://www.loc.gov/standards/marcxml/schema/MARC21slim.xsd"
    xmlns="http://www.loc.gov/MARC21/slim">

  <leader>00806nam a22002057a 4500</leader>
  <datafield tag="952" ind1=" " ind2=" ">
    <subfield code="0">0</subfield>
    <subfield code="1">0</subfield>
    <subfield code="2">ddc</subfield>
    <subfield code="4">0</subfield>
    <subfield code="7">0</subfield>
    <subfield code="8">NFIC</subfield>
    <subfield code="a">ASL</subfield>
    <subfield code="b">ASL</subfield>
    <subfield code="c">GEN</subfield>
    <subfield code="d">2021-10-11</subfield>
    <subfield code="e">Donated by Prof. (Dr.) M. Abdul Qayyum &amp; Dr. Razia Sultana</subfield>
    <subfield code="l">0</subfield>
    <subfield code="o">954.5415 DAS</subfield>
    <subfield code="p">112508</subfield>
    <subfield code="r">2021-10-11 00:00:00</subfield>
    <subfield code="t">C-1</subfield>
    <subfield code="w">2021-10-11</subfield>
    <subfield code="y">BK</subfield>
  </datafield>
  <datafield tag="999" ind1=" " ind2=" ">
    <subfield code="c">26481</subfield>
    <subfield code="d">26481</subfield>
  </datafield>
  <controlfield tag="003">BDDh-ASL</controlfield>
  <controlfield tag="005">20231015030641.0</controlfield>
  <controlfield tag="008">211011s2005    b  ||||| |||| 00| 0 b   d</controlfield>
  <datafield tag="040" ind1=" " ind2=" ">
    <subfield code="c">BDDh-ASL</subfield>
  </datafield>
  <datafield tag="082" ind1=" " ind2=" ">
    <subfield code="a">954.5415</subfield>
    <subfield code="b">DAS</subfield>
  </datafield>
  <datafield tag="100" ind1="1" ind2=" ">
    <subfield code="a">&#x9A6;&#x9A4;&#x9CD;&#x9A4;, &#x9B0;&#x9AE;&#x9BE;&#x9AA;&#x9CD;&#x9B0;&#x9B8;&#x9BE;&#x9A6;</subfield>
    <subfield code="9">623</subfield>
  </datafield>
  <datafield tag="245" ind1="1" ind2="0">
    <subfield code="a">&#x9B6;&#x9A4;&#x9BE;&#x9AC;&#x9CD;&#x9A6;&#x9C0;&#x9B0; &#x9A4;&#x9CD;&#x9B0;&#x9BF;&#x9AA;&#x9C1;&#x9B0;&#x9BE; (&#x9E7;&#x9EE;&#x9ED;&#x9E8;-&#x9E7;&#x9EF;&#x9ED;&#x9E8;) /</subfield>
  </datafield>
  <datafield tag="246" ind1=" " ind2=" ">
    <subfield code="a">Sotabdir Tripura</subfield>
  </datafield>
  <datafield tag="260" ind1=" " ind2=" ">
    <subfield code="a">&#x9A4;&#x9CD;&#x9B0;&#x9BF;&#x9AA;&#x9C1;&#x9B0;&#x9BE;: </subfield>
    <subfield code="b">&#x9A4;&#x9CD;&#x9B0;&#x9BF;&#x9AA;&#x9C1;&#x9B0;&#x9BE; &#x9A6;&#x9B0;&#x9CD;&#x9AA;&#x9A3;, </subfield>
    <subfield code="c">&#x9E8;&#x9E6;&#x9E6;&#x9EB;&#x964; </subfield>
  </datafield>
  <datafield tag="300" ind1=" " ind2=" ">
    <subfield code="a">&#x9EE;&#x9EE; &#x9AA;&#x9C3;&#x9B7;&#x9CD;&#x9A0;&#x9BE;, : </subfield>
    <subfield code="c">&#x9E8;&#x9E8; &#x9B8;&#x9C7;. &#x9AE;&#x9BF;. </subfield>
  </datafield>
  <datafield tag="504" ind1=" " ind2=" ">
    <subfield code="a">&#x997;&#x9CD;&#x9B0;&#x9A8;&#x9CD;&#x9A5;&#x9AA;&#x99E;&#x9CD;&#x99C;&#x9BF; &#x9B8;&#x982;&#x9AF;&#x9C1;&#x995;&#x9CD;&#x9A4; &#x964;</subfield>
  </datafield>
  <datafield tag="650" ind1=" " ind2="0">
    <subfield code="9">4586</subfield>
    <subfield code="a">History (&#x987;&#x9A4;&#x9BF;&#x9B9;&#x9BE;&#x9B8;)</subfield>
    <subfield code="z">Tripura (&#x9A4;&#x9CD;&#x9B0;&#x9BF;&#x9AA;&#x9C1;&#x9B0;&#x9BE;) </subfield>
  </datafield>
  <datafield tag="650" ind1=" " ind2="0">
    <subfield code="9">4920</subfield>
    <subfield code="a">Indian History</subfield>
  </datafield>
  <datafield tag="942" ind1=" " ind2=" ">
    <subfield code="2">ddc</subfield>
    <subfield code="c">BK</subfield>
  </datafield>
</record>
